000 00847nam a2200265 i 4500
001 C2-0333046
003 PPAK
005 20180728133156.0
008 150823s2014 nyua|||| ||||| | eng d
020 _a9781401243272
040 _aPPAK
_beng
_cPPAK
_erda
082 0 4 _a741.5973
_223
090 0 0 _a741.5973
_bENG
_dG
100 1 _aEnglehart, Steve,
_eauthor
245 1 0 _aGreen Lantern sector 2814
_bvolume 3
264 1 _aNew York :
_bDC Comics ,
_c2014
300 _a199 pages :
_bcolour illustrations ;
_c26 cm
336 _2rdacontent
_atext
337 _2rdamedia
_aunmediated
338 _2rdacarrier
_avolume
500 _aVol.3
650 1 0 _aGreen Lantern (Fictitious character) -Comic books, strips, etc. ; Superhero comic books, strips, etc. ; Science fiction comic books, strips, etc.
700 _eauthor
942 _ddc
_cB
999 _c131668
_d131668